[Event "IRI-ch Online"]
[Site "Chess.com INT"]
[Date "2021.03.18"]
[Round "10"]
[White "Ahmadi, Erfan"]
[Black "Pour Agha Bala, Amirreza"]
[Result "0-1"]
[WhiteElo "1761"]
[BlackElo "2432"]
[PlyCount "78"]
[EventDate "2021.03.15"]
[EventType "swiss (rapid)"]
[EventRounds "11"]
[EventCountry "IRI"]
[SourceTitle "CBM 201 Extra"]
[Source "ChessBase"]
[SourceDate "2021.05.31"]
[SourceVersion "1"]
[SourceVersionDate "2021.05.31"]
[SourceQuality "1"]

1. e4 c5 2. Nc3 e6 3. f4 Nc6 4. Nf3 a6 5. Be2 d5 6. 0-0 Nf6 7. d3 b5 8. e5 Ng8 9. Qe1 h5 10. Qf2 Nh6 11. h3 Be7 12. Ng5 Nf5 13. Nf3 h4 14. Kh2 g6 15. Nd1 d4 16. c3 Bb7 17. Bd2 Qb6 18. cxd4 cxd4 19. Qe1 a5 20. a3 Kf8 21. Nf2 Ng3 22. Rg1 Rd8 23. Ng4 Kg7 24. Qd1 b4 25. Be1 Nf5 26. Bf2 Ne3 27. Bxe3 dxe3 28. Qc1 Bc5 29. Re1 Nd4 30. Nxd4 Bxd4 31. axb4 axb4 32. Rb1 Rc8 33. Qd1 b3 34. Bf3 Rc2 35. Bxb7 Qxb7 36. Re2 Rhc8 37. Nf6 Qa8 38. Ne4 Qa2 39. Re1 e2 0-1

[Event "IRI-ch Online"]
[Site "Chess.com INT"]
[Date "2021.03.15"]
[Round "1"]
[White "Atakhan, Abtin"]
[Black "Ahmadi, Erfan"]
[Result "1-0"]
[WhiteElo "2294"]
[BlackElo "1761"]
[PlyCount "41"]
[EventDate "2021.03.15"]
[EventType "swiss (rapid)"]
[EventRounds "11"]
[EventCountry "IRI"]
[SourceTitle "CBM 201 Extra"]
[Source "ChessBase"]
[SourceDate "2021.05.31"]
[SourceVersion "1"]
[SourceVersionDate "2021.05.31"]
[SourceQuality "1"]

1. d4 Nf6 2. c4 e6 3. Nf3 Bb4+ 4. Bd2 Bxd2+ 5. Qxd2 d5 6. Nc3 Nbd7 7. e3 0-0 8. cxd5 exd5 9. Bd3 b6 10. 0-0 Bb7 11. Qc2 h6 12. Nb5 c5 13. dxc5 bxc5 14. Rfd1 Qb6 15. Nc3 Rac8 16. Na4 Qa5 17. Nc3 Rfd8 18. Be2 Nf8 19. Qa4 Qb6 20. Qa3 Ne6 21. Rac1 1-0